| 000 | 02322cam a2200385 i 4500 | ||
|---|---|---|---|
| 003 | EG-GICUC | ||
| 005 | 20260309111325.0 | ||
| 008 | 131211s2013 nyu frb 001 0 eng d | ||
| 020 |
_a9780199938612 _qpbk. |
||
| 020 |
_a019993861X _qpbk. |
||
| 040 |
_aDLC _beng _cDLC _erda _dEG-GiCUC |
||
| 043 |
_an-us--- _an-us-ny |
||
| 050 | 0 | 0 |
_aK2400 _b.I59243 2013 |
| 082 | 0 | 4 |
_221 _a347.224 |
| 092 | 0 | 4 | _221 |
| 099 | _aLaw 12 2013 | ||
| 245 | 0 | 0 |
_aInternational commercial arbitration in New York / _cedited by James H. Carter & John Fellas. |
| 250 | _aPaperback edition. | ||
| 264 | 1 |
_aNew York, NY : _bOxford University Press, _c2013. |
|
| 300 |
_alviii, 710 pages ; _c26 cm |
||
| 336 |
_atext _2rdacontent |
||
| 337 |
_aComputer _2rdamedia |
||
| 338 |
_aOnline Resource _2rdacarrier |
||
| 504 | _aIncludes bibliographical references and index. | ||
| 505 | 0 | 0 | _aThe law applicable to international arbitration in New York / David M. Lindsey and Yasmine Lahlou -- The impact of U.S. litigation / Oliver J. Armas & George Bundy Smith -- Drafting considerations for clauses designating New York as the place of arbitration / Paul D. Friedland -- The application of New York law to contracts / David W. Rivkin -- The selection of arbitrators / James H. Carter -- Jurisdiction : courts vs. arbitrators / George A. Bermann -- Enforcing international arbitration agreements / John Fellas -- Obtaining preliminary relief / Robert H. Smit and Tyler B. Robinson -- Discovery / John L. Gardiner, Lea Haber Kuck, and Julie Bédard -- Damages in international arbitration / Claudia T. Salomon and Peter D. Sharp -- Class action arbitration / William H. Baker -- Challenging and enforcing international arbitral awards in New York courts / John V.H. Pierce and David N. Cinotti -- Enforcing awards involving foreign sovereigns / Brian King, Alexander Yanos, Jessica Bannon Vanto, and Phillip Riblett. |
| 650 | 0 | _aInternational commercial arbitration. | |
| 650 | 0 | _aArbitration agreements, Commercial. | |
| 650 | 0 |
_aArbitration and award _zUnited States. |
|
| 650 | 0 |
_aArbitration and award _zNew York (State) _zNew York. |
|
| 700 | 1 |
_aCarter, James H., _d1943- _eeditor. |
|
| 700 | 1 |
_aFellas, John., _eeditor. |
|
| 856 | 4 | 0 | _uhttps://fll.law.cu.edu.eg/fulltext/bks/ENGB12-00076.pdf |
| 905 | _a10 | ||
| 942 |
_2ddc _cBK _e21 _n0 |
||
| 999 |
_c65899 _d65899 |
||